Sports Quiz

Random Sports or Football Quiz
Score 0/15 Timer 05:00
0 Plays Today
% Correct
Tom Brady
97.6%
Eli Manning
97%
Peyton Manning
97%
Drew Brees
96.2%
Nick Foles
93.9%
Ray Lewis
91.2%
Robert Kraft
88.4%
Michael Strahan
87.1%
% Correct
Von B'Vsean Miller Jr.
86.9%
Bill Belichick
84.4%
Vince Lombardi
78.5%
Joe Montana
70.8%
Paul Allen
41%
Warren Sapp
40.6%
Bart Starr
32.5%
Remove Ads.
Support Sporcle.
Get the best of Sporcle when you Go Orange. This ad-free experience offers more features, more stats, and more fun while also helping to support Sporcle. Thank you for becoming a member.

You're not logged in!

Compare scores with friends on all Sporcle quizzes.
OR
Log In

Show Comments

Extras

Top Quizzes Today


Score Distribution

Your Account Isn't Verified!

In order to create a playlist on Sporcle, you need to verify the email address you used during registration. Go to your Sporcle Settings to finish the process.

Report this User

Report this user for behavior that violates our Community Guidelines.

Details: